Statistics for World Series Winners All Time

Click here to take the quiz!

General Stats

  • This quiz has been taken 1,699 times
    (136 since last reset)
  • The average score is 68 of 116

Answer Stats

YearWinner% Correct
1903Boston Americans
88%
2020Los Angeles Dodgers
78%
2016Chicago Cubs
76%
2017Houston Astros
75%
2000New York Yankees
74%
2019Washington Nationals
74%
2015Kansas City Royals
74%
2014San Francisco Giants
74%
1996New York Yankees
74%
1998New York Yankees
74%
2009New York Yankees
73%
2010San Francisco Giants
73%
2018Boston Red Sox
73%
2012San Francisco Giants
73%
1999New York Yankees
71%
2013Boston Red Sox
70%
2001Arizona Diamondbacks
70%
1993Toronto Blue Jays
69%
2011St. Louis Cardinals
69%
2004Boston Red Sox
69%
1908Chicago Cubs
68%
1992Toronto Blue Jays
68%
1927New York Yankee's
68%
1995Atlanta Braves
68%
1961New York Yankees
66%
2007Boston Red Sox
66%
2008Philadelphia Phillies
66%
1989Oakland Athletics
65%
1928New York Yankee's
65%
2003Miami Marlins
65%
2002Anaheim Angels
65%
1997Miami Marlins
64%
1950New York Yankees
64%
1907Chicago Cubs
64%
1978New York Yankees
64%
1976Cincinnati Reds
64%
1919Cincinnati Reds
64%
1975Cincinnati Reds
64%
1985Kansas City Royals
63%
1951New York Yankees
63%
1977New York Yankees
63%
1962New York Yankees
63%
2006St. Louis Cardinals
63%
1952New York Yankees
61%
1905New York Giants
61%
1953New York Yankees
61%
1956New York Yankees
61%
1986New York Mets
61%
1958New York Yankees
61%
2005Chicago White Sox
61%
1990Cincinnati Reds
60%
1988Los Angeles Dodgers
60%
1949New York Yankees
60%
1918Boston Red Sox
60%
1982St. Louis Cardinals
60%
1969New York Mets
59%
1923New York Yankees
59%
1932New York Yankee's
59%
1941New York Yankees
59%
1972Oakland Athletics
59%
1991Minnesota Twins
59%
1984Detroit Tigers
58%
1947New York Yankees
58%
1955Brooklyn Dodgers
58%
1987Minnesota Twins
58%
1943New York Yankees
58%
1981Los Angeles Dodgers
56%
1974Oakland Athletics
56%
1906Chicago White Sox
56%
1973Oakland Athletics
56%
1936New York Yankees
56%
1939New York Yankees
55%
1965Los Angeles Dodgers
55%
1983Baltimore Orioles
54%
1910Philladelphia Athletics
54%
1911Philadelphia Athletics
54%
1913Philladelphia Athletics
54%
1938New York Yankees
54%
1937New York Yankees
54%
1964St. Louis Cardinals
53%
1979Pittsburgh Pirates
53%
1909Pittsburgh Pirates
53%
1915Boston Red Sox
53%
1929Philladelphia Athletics
53%
1971Pittsburgh Pirates
53%
1970Baltimore Orioles
51%
1912Boston Red Sox
51%
1967St. Louis Cardinals
51%
1916Boston Red Sox
51%
1963Los Angeles Dodgers
51%
1948Cleveland Indians
51%
1980Philadelphia Phillies
50%
1968Detroit Tigers
50%
1954New York Giant
50%
1917Chicago White Sox
50%
1959Los Angeles Dodgers
49%
1960Pittsburgh Pirates
49%
1921New York Giants
48%
1957Milwaukee Braves
48%
1931St. Louis Cardinals
48%
1930Philladelphia Athletics
48%
1926St. Louis Cardinals
46%
1940Cincinnati Reds
46%
1942St. Louis Cardinals
46%
1944St. Louis Cardinals
45%
1945Detroit Tigers
45%
1934St. Louis Cardinals
45%
1966Baltimore Orioles
45%
1922New York Giants
45%
1920Cleveland Indians
44%
1946St. Louis Cardinals
44%
1914Boston Braves
44%
1925Pittsburgh Pirates
43%
1924Washington Senators
41%
1935Detroit Tigers
41%
1933New York Giants
40%

Score Distribution

Percentile by Number Answered

Percent of People with Each Score

Your Score History

You have not taken this quiz since the last reset